Polskie imiona na literę "M" - Statystyki

Ogólne statystyki
  • Ten quiz został rozwiązany 6 014 razy
  • Średni wynik to 10 z 28
Statystyki odpowiedzi
Imiona żeńskie Imiona męskie % Poprawnych
Marika Michał
83%
Magdalena Marek
82%
Mieczysława Mirosław
80%
Mariola Mateusz
74%
Marlena Marcin
68%
Marcelina Mariusz
68%
Malina Marcel
67%
Mirosława Mieczysław
66%
Maria Marian
64%
Marzena Maciej
56%
Marita Mikołaj
48%
Monika Miłosz
47%
Maja Maksym
34%
Marianna Maurycy
23%
Matylda Mieszko
15%
Małgorzata Miron
14%
Melania Melchior
12%
Marta Makary
11%
Martyna Malwin
8%
Michalina Metody
8%
Maryna Mścisław
7%
Maryla Modest
5%
Mirabella Manuel
4%
Miranda Mściwój
3%
Milena Madej
2%
Malwina Maksymialian
2%
Miłosława Mamert
2%
Mirela Mojmir
1%
Nie znaleziono quizów pasujących do podanych kryteriów
Rozkład punktacji
Procent ludzi z każdym wynikiem
Percentyl według liczby udzielonych odpowiedzi
Twoja historia wyników
Nie rozwiązałeś tego quizu